Cafe Ii: International Cafe Design Trends All In One (Record no. 14086)

000 -LEADER
fixed length control field 00341nam a2200145Ia 4500
003 - CONTROL NUMBER IDENTIFIER
control field OSt
005 - DATE AND TIME OF LATEST TRANSACTION
control field 20260327145143.0
008 - FIXED-LENGTH DATA ELEMENTS--GENERAL INFORMATION
fixed length control field 260210s9999 xx 000 0 und d
020 ## - INTERNATIONAL STANDARD BOOK NUMBER
International Standard Book Number 9788997079810
082 ## - DEWEY DECIMAL CLASSIFICATION NUMBER
Classification number 747.85
100 ## - MAIN ENTRY--PERSONAL NAME
Personal name DMP
245 #0 - TITLE STATEMENT
Title Cafe Ii: International Cafe Design Trends All In One
260 ## - PUBLICATION, DISTRIBUTION, ETC. (IMPRINT)
Name of publisher, distributor, etc DMP
942 ## - ADDED ENTRY ELEMENTS (KOHA)
Item type B.Design
Source of classification or shelving scheme
Holdings
Withdrawn status Lost status Source of classification or shelving scheme Damaged status Koha normalized classification for sorting Not for loan Permanent location Current location Shelving location Date acquired Full call number Barcode Date last seen Price effective from Koha item type
        747_850000000000000   BMS College of Architecture, Design and Planning BMS College of Architecture, Design and Planning General Stacks 2025-12-03 747.85 AR-UG5102 2026-02-10 2026-02-10 B.Design
Copyright © 2025, The Librarian, Library and Information Centre, BMSCA D&P, Bengaluru. All Rights Reserved
web counter

Powered by Koha